|
|
|
|
| LEADER |
00000nam0a2200000 4500 |
| 001 |
34983 |
| 005 |
20231030232140.0 |
| 010 |
|
|
|a 5060006255
|
| 035 |
|
|
|a (RuTPU)RU\TPU\book\35399
|
| 035 |
|
|
|a BOOK00002051
|
| 090 |
|
|
|a 34983
|
| 100 |
|
|
|a 20011210d1994 m y0rusy50 ca
|
| 101 |
0 |
|
|a rus
|
| 102 |
|
|
|a RU
|
| 105 |
|
|
|a y j 000zy
|
| 200 |
1 |
|
|a Вычислительные методы для инженеров
|e учебное пособие
|f А. А. Амосов, Ю. А. Дубинский, Н. В. Копченова
|
| 210 |
|
|
|a Москва
|c Высшая школа
|d 1994
|
| 215 |
|
|
|a 544 с.
|
| 451 |
|
1 |
|0 (RuTPU)RU\TPU\book\172135
|y 978-5-383-00302-2
|t Вычислительные методы
|o учебное пособие
|f А. А. Амосов, Ю. А. Дубинский, Н. В. Копченова
|e 3-е изд., перераб. и доп.
|c М.
|n Изд-во МЭИ
|d 2008
|p 672 с.
|a Амосов, Андрей Авенирович
|
| 610 |
1 |
|
|a информатика
|
| 610 |
1 |
|
|a вычислительные методы
|
| 610 |
1 |
|
|a линейная алгебра
|
| 610 |
1 |
|
|a нелинейные уравнения
|
| 610 |
1 |
|
|a задачи
|
| 610 |
1 |
|
|a решения
|
| 610 |
1 |
|
|a функции
|
| 610 |
1 |
|
|a интегрирование
|
| 610 |
1 |
|
|a дифференцирование
|
| 610 |
1 |
|
|a алгоритмы
|
| 610 |
1 |
|
|a примеры
|
| 610 |
1 |
|
|a учебные пособия
|
| 675 |
|
|
|a 519.62(075.8)
|v 3
|
| 700 |
|
1 |
|a Амосов
|b А. А.
|g Андрей Авенирович
|
| 701 |
|
1 |
|a Дубинский
|b Ю. А.
|g Юлий Андреевич
|
| 701 |
|
1 |
|a Копченова
|b Н. В.
|g Наталья Васильевна
|
| 801 |
|
0 |
|a RU
|b 63413507
|c 20011210
|g PSBO
|
| 801 |
|
2 |
|a RU
|b 63413507
|c 20110406
|g PSBO
|
| 900 |
|
|
|a Математическое моделирование
|
| 942 |
|
|
|c BK
|